[Event "XVI Abierto de la Constitucion"]
[Site "San Sebastian de los Reyes"]
[Date "2014.12.08"]
[Round "9.1"]
[White "Cardenas Serrano, Sergio"]
[Black "Valles Moreno, Ivan"]
[Result "1/2-1/2"]
[WhiteElo "2100"]
[BlackElo "2391"]
[PlyCount "114"]
[EventDate "2014.11.30"]

1. e4 e5 2. Nf3 Nc6 3. Bc4 Nf6 4. d4 exd4 5. e5 d5 6. Bb5 Ne4 7. Nxd4 Bc5 8.
Be3 Bxd4 9. Bxd4 O-O 10. Nc3 Ng5 11. Ne2 Ne6 12. c3 Ne7 13. Bd3 Ng6 14. Bxg6
fxg6 15. Qd2 b6 16. Be3 Bb7 17. O-O-O Qe8 18. f4 c5 19. Kb1 Rd8 20. Rhf1 Qa4
21. Qc2 Qxc2+ 22. Kxc2 h5 23. g3 Rf7 24. b4 Ba6 25. Rf2 Bb5 26. Kb2 a5 27. a3
axb4 28. axb4 Bc4 29. Nc1 d4 30. Rfd2 Rfd7 31. cxd4 cxd4 32. Bg1 Bb5 33. Nb3
Ba4 34. Ra1 Bxb3 35. Kxb3 Rc8 36. Rad1 Rc3+ 37. Kb2 Rc4 38. Kb3 b5 39. Rd3 h4
40. Ra1 hxg3 41. hxg3 Rdc7 42. Rad1 Rc3+ 43. Kb2 Rc2+ 44. Kb1 R2c4 45. Bxd4
Rxb4+ 46. Bb2 Nc5 47. Rd8+ Kf7 48. Rc1 Rc4 49. Rb8 Ne4 50. Rxc4 bxc4 51. e6+
Kxe6 52. Be5 Ra7 53. g4 g5 54. Re8+ Kf7 55. Rc8 gxf4 56. Bxf4 Ke6 57. Rxc4 Kd5
1/2-1/2

[Event "XVI Abierto de la Constitucion"]
[Site "San Sebastian de los Reyes"]
[Date "2014.12.08"]
[Round "9.3"]
[White "Perez Mitjans, Orelvis"]
[Black "Roa Alonso, Santiago"]
[Result "1-0"]
[WhiteElo "2463"]
[BlackElo "2387"]
[PlyCount "81"]
[EventDate "2014.11.30"]

1. e4 e5 2. Nf3 Nc6 3. Bb5 a6 4. Ba4 Nf6 5. O-O Be7 6. d3 b5 7. Bb3 d6 8. a4
Bd7 9. c3 O-O 10. Nbd2 Na5 11. Bc2 c5 12. Re1 Qb8 13. Nf1 b4 14. d4 cxd4 15.
cxd4 h6 16. b3 Re8 17. h3 Bd8 18. Ng3 Bb6 19. d5 Qa7 20. Re2 Nb7 21. Bd2 a5 22.
Nh4 Nc5 23. Re3 Nxa4 24. bxa4 Bxe3 25. Bxe3 Qc7 26. Nhf5 Rac8 27. Bd3 Qb8 28.
Bb5 Bxb5 29. axb5 g6 30. Nxh6+ Kg7 31. Rxa5 Rc3 32. Qd2 Rec8 33. Ba7 Qc7 34.
Nhf5+ Kf8 35. Qh6+ Ke8 36. Qh8+ Kd7 37. Qxf6 gxf5 38. b6 Qd8 39. Qxf7+ Qe7 40.
Qxe7+ Kxe7 41. Nxf5+ 1-0

[Event "XVI Abierto de la Constitucion"]
[Site "San Sebastian de los Reyes"]
[Date "2014.12.08"]
[Round "9.4"]
[White "Lopez De Turiso, Jose Angel"]
[Black "Quevedo Marin, Manuel"]
[Result "1/2-1/2"]
[WhiteElo "2090"]
[BlackElo "2192"]
[PlyCount "41"]
[EventDate "2014.11.30"]

1. e4 c5 2. Nf3 Nc6 3. c3 Nf6 4. e5 Nd5 5. g3 d6 6. exd6 Qxd6 7. Bg2 Qe6+ 8.
Qe2 Qxe2+ 9. Kxe2 Bg4 10. h3 Bh5 11. d3 O-O-O 12. Rd1 f5 13. Kf1 Nf6 14. Na3 e5
15. Re1 Rxd3 16. Nxe5 Nxe5 17. Rxe5 Rd1+ 18. Re1 Rxe1+ 19. Kxe1 Bf7 20. Bf4 a6
21. c4 1/2-1/2

[Event "XVI Abierto de la Constitucion"]
[Site "San Sebastian de los Reyes"]
[Date "2014.12.08"]
[Round "9.5"]
[White "Martin Rodriguez, Emilio"]
[Black "Largo Barbero, Benito"]
[Result "1-0"]
[WhiteElo "2086"]
[BlackElo "1929"]
[PlyCount "55"]
[EventDate "2014.11.30"]

1. d4 Nf6 2. c4 Nc6 3. f4 e6 4. Nf3 d5 5. e3 Ne4 6. Nc3 Bb4 7. Qc2 Bd7 8. a3
Nxc3 9. bxc3 Be7 10. Bd3 h6 11. O-O O-O 12. Bd2 Be8 13. cxd5 exd5 14. c4 Rb8
15. Rfc1 Bf6 16. Ne5 Bxe5 17. fxe5 Ne7 18. Bb4 Bc6 19. cxd5 Nxd5 20. Bxf8 Kxf8
21. e4 Nf4 22. d5 Be8 23. Rf1 Qg5 24. e6 Kg8 25. exf7+ Bxf7 26. g3 Nh5 27. Rxf7
Kxf7 28. Qxc7+ 1-0

[Event "XVI Abierto de la Constitucion"]
[Site "San Sebastian de los Reyes"]
[Date "2014.12.08"]
[Round "9.6"]
[White "Cabañas Bravo, Juan Andres"]
[Black "Guillo Longares, Cecilia"]
[Result "1-0"]
[WhiteElo "2058"]
[BlackElo "1731"]
[PlyCount "63"]
[EventDate "2014.11.30"]

1. e4 c5 2. Nf3 Nc6 3. d4 cxd4 4. Nxd4 g6 5. Nc3 Bg7 6. Be3 Nf6 7. Nxc6 bxc6 8.
e5 Ng8 9. Bd4 c5 10. Bxc5 Bxe5 11. Qf3 Rb8 12. Bc4 e6 13. O-O-O Qc7 14. Bd4
Bf4+ 15. Kb1 e5 16. Qd5 d6 17. Nb5 Qe7 18. Nxd6+ Kf8 19. Nf5 Nf6 20. Nxe7 Nxd5
21. Nxd5 Bxh2 22. Bxa7 Ra8 23. Bc5+ Kg7 24. Rxh2 Bg4 25. f3 Be6 26. Ne3 Bxc4
27. Nxc4 Rhc8 28. Nb6 Rd8 29. Rdh1 Ra5 30. Rxh7+ Kf6 31. b4 Ra6 32. c4 1-0

[Event "XVI Abierto de la Constitucion"]
[Site "San Sebastian de los Reyes"]
[Date "2014.12.08"]
[Round "9.8"]
[White "Vazquez Cabeza, Isaac"]
[Black "Aziz Ortego, Omar Luis"]
[Result "0-1"]
[WhiteElo "1611"]
[BlackElo "2103"]
[PlyCount "84"]
[EventDate "2014.11.30"]

1. c4 f5 2. Nf3 g6 3. d4 Bg7 4. Nc3 Nf6 5. e3 d6 6. Be2 O-O 7. O-O Qe8 8. Nb5
Na6 9. Re1 e5 10. Nc3 e4 11. Nd2 c6 12. Qb3 Nc7 13. c5+ d5 14. Qc2 g5 15. Nb3
h5 16. Bf1 Ne6 17. g3 h4 18. Bg2 g4 19. Ne2 Ng5 20. Nf4 Nh5 21. Nxh5 Qxh5 22.
Qe2 Rf6 23. Nd2 Rh6 24. Nf1 Be6 25. b4 Kf7 26. Rb1 a6 27. a4 Bd7 28. Qa2 Rah8
29. b5 axb5 30. axb5 Kg8 31. Qa8+ Bf8 32. Qxb7 R8h7 33. bxc6 Bxc6 34. Qb2 Rg7
35. Qe2 Nf3+ 36. Bxf3 gxf3 37. Qa6 Qg4 38. Nd2 Qh3 39. Qf1 Qxh2+ 40. Kxh2 hxg3+
41. Kg1 g2 42. Qxg2 Rxg2+ 0-1

[Event "XVI Abierto de la Constitucion"]
[Site "San Sebastian de los Reyes"]
[Date "2014.12.08"]
[Round "9.9"]
[White "Alfaya Marcelo, Roberto"]
[Black "Camarero Izquierdo, Juan Carlos"]
[Result "1-0"]
[WhiteElo "1995"]
[BlackElo "1828"]
[PlyCount "69"]
[EventDate "2014.11.30"]

1. Nf3 d5 2. c4 d4 3. d3 Bg4 4. g3 Bxf3 5. exf3 Nc6 6. Bg2 Qd6 7. O-O h5 8. h4
e5 9. f4 O-O-O 10. a3 g5 11. fxg5 f6 12. gxf6 Nxf6 13. Bg5 Be7 14. Bxf6 Bxf6
15. Nd2 Rdg8 16. Ne4 Qe7 17. Nxf6 Qxf6 18. Qf3 Qg7 19. b4 Kb8 20. Rae1 e4 21.
Qxe4 a6 22. b5 axb5 23. cxb5 Nd8 24. Qe5 Qxe5 25. Rxe5 Nf7 26. Re7 Nd6 27. a4
Re8 28. Rfe1 Rxe7 29. Rxe7 Nc8 30. Rg7 Nb6 31. a5 Nc8 32. b6 c6 33. a6 bxa6 34.
Bxc6 Nd6 35. Ra7 1-0

[Event "XVI Abierto de la Constitucion"]
[Site "San Sebastian de los Reyes"]
[Date "2014.12.08"]
[Round "9.10"]
[White "Martinez Miura, Enrique"]
[Black "Molina Garcia, Francisco J."]
[Result "1-0"]
[WhiteElo "1721"]
[BlackElo "1891"]
[PlyCount "97"]
[EventDate "2014.11.30"]

1. e4 e6 2. d4 d5 3. Nc3 Bb4 4. e5 c5 5. a3 Bxc3+ 6. bxc3 Ne7 7. Nf3 b6 8. a4
Ba6 9. Bxa6 Nxa6 10. Qe2 Nb8 11. Bg5 O-O 12. O-O Nbc6 13. Rfd1 Qc7 14. Be3 Na5
15. Ng5 h6 16. Nf3 cxd4 17. cxd4 Rac8 18. Rdc1 Qc4 19. Qd2 Nf5 20. g4 Nxe3 21.
Qxe3 Qc3 22. Ra3 Qxe3 23. Rxe3 Rc4 24. Ra3 Rfc8 25. c3 Kf8 26. Kf1 f6 27. exf6
gxf6 28. Ke2 Nb7 29. Kd3 Nd6 30. Nd2 R4c7 31. f3 Kf7 32. f4 h5 33. g5 Nf5 34.
gxf6 Kxf6 35. Nf3 Rg8 36. Ng5 Nd6 37. Re1 Re7 38. Ra2 Nf7 39. h4 Nxg5 40. fxg5+
Kf7 41. Rf2+ Ke8 42. Rf6 Kd7 43. Rh6 Rf8 44. Rxh5 Rf2 45. Re2 Rf1 46. Rg2 Ref7
47. g6 R7f3+ 48. Ke2 Rf8 49. g7 1-0

[Event "XVI Abierto de la Constitucion"]
[Site "San Sebastian de los Reyes"]
[Date "2014.12.08"]
[Round "9.11"]
[White "Perez Cameselle, Francisco"]
[Black "Minguela Muñoz, Bienvenido"]
[Result "1-0"]
[WhiteElo "1852"]
[BlackElo "1717"]
[PlyCount "49"]
[EventDate "2014.11.30"]

1. d4 Nf6 2. c4 g6 3. g3 c5 4. d5 d6 5. Nc3 Bg7 6. Bg2 O-O 7. Nf3 Nbd7 8. O-O
Ng4 9. Qc2 Nge5 10. Nxe5 Nxe5 11. b3 f5 12. h3 a6 13. f4 Nf7 14. Bb2 g5 15. Kh2
Qe8 16. Rae1 gxf4 17. gxf4 Nh6 18. Bf3 Kh8 19. Rg1 Bf6 20. Nd1 b5 21. Nf2 Ng8
22. e4 fxe4 23. Nxe4 Bxb2 24. Qxb2+ Nf6 25. Nxf6 1-0

[Event "XVI Abierto de la Constitucion"]
[Site "San Sebastian de los Reyes"]
[Date "2014.12.08"]
[Round "9.12"]
[White "Bustos Serrano, Doroteo"]
[Black "Alvarez Gonzalez, Eduardo"]
[Result "1/2-1/2"]
[WhiteElo "2057"]
[BlackElo "1831"]
[PlyCount "72"]
[EventDate "2014.11.30"]

1. e4 c6 2. d4 d5 3. Nd2 dxe4 4. Nxe4 Bf5 5. Ng3 Bg6 6. Bc4 e6 7. N1e2 Bd6 8.
O-O Ne7 9. Nf4 Nd5 10. Ngh5 O-O 11. Qg4 Nxf4 12. Nxf4 Bxf4 13. Qxf4 Bxc2 14.
Be3 Nd7 15. Rac1 Bg6 16. Qg3 Nb6 17. Bg5 Qd7 18. Bb3 Nd5 19. h4 Qc7 20. Qf3 h6
21. Bd2 Qe7 22. Qg3 Qf6 23. Rfd1 Bh5 24. Re1 Qg6 25. Qe5 Bf3 26. g3 Qg4 27. Bd1
Rad8 28. Bxf3 Qxf3 29. Re4 Nf6 30. Rf4 Qh5 31. Qe1 Rd5 32. Bb4 Re8 33. Bc5 Rf5
34. Rxf5 Qxf5 35. Bxa7 Ra8 36. Bc5 Qd5 1/2-1/2

[Event "XVI Abierto de la Constitucion"]
[Site "San Sebastian de los Reyes"]
[Date "2014.12.08"]
[Round "9.13"]
[White "Morona Minguez, Miguel"]
[Black "Ruiz Sanchez, Roberto"]
[Result "0-1"]
[WhiteElo "1939"]
[BlackElo "1940"]
[PlyCount "64"]
[EventDate "2014.11.30"]

1. e4 c5 2. Nf3 d6 3. d4 cxd4 4. Nxd4 Nf6 5. Nc3 a6 6. f4 Nbd7 7. Qf3 g6 8. h3
Bg7 9. Be3 O-O 10. O-O-O Qc7 11. g4 e6 12. f5 Ne5 13. Qg3 Nc4 14. Bxc4 Qxc4 15.
Qf3 Ne8 16. Rd3 Bd7 17. Nb3 Rc8 18. Bd4 e5 19. Be3 b5 20. Rd2 Qc7 21. Nd5 Qd8
22. Bb6 Qh4 23. Rf2 Bc6 24. Nc3 b4 25. Ne2 Nf6 26. Ng3 d5 27. Nd2 Bh6 28. Bc5
dxe4 29. Qb3 e3 30. Bxf8 exd2+ 31. Kb1 Bxh1 32. Bxh6 d1=Q+ 0-1

[Event "XVI Abierto de la Constitucion"]
[Site "San Sebastian de los Reyes"]
[Date "2014.12.08"]
[Round "9.14"]
[White "Guzman Castro, Enrique"]
[Black "Garcia Lopez, Fernando"]
[Result "0-1"]
[WhiteElo "1610"]
[BlackElo "1643"]
[PlyCount "92"]
[EventDate "2014.11.30"]

1. Nf3 Nf6 2. c4 e6 3. Nc3 c5 4. d4 cxd4 5. Nxd4 Nc6 6. e4 Bb4 7. Ndb5 Nxe4 8.
Qd3 Nxc3 9. bxc3 Be7 10. Qg3 O-O 11. Nc7 Rb8 12. Nxe6 dxe6 13. Be2 Bh4 14. Qe3
Qf6 15. g3 Bg5 16. f4 Bh6 17. h4 Qd8 18. g4 g6 19. g5 Bg7 20. h5 e5 21. Bd2
exf4 22. Qxf4 Bf5 23. hxg6 Bxg6 24. Bh5 Qe7+ 25. Kf2 Qe4 26. Qh2 Qf5+ 27. Bf4
Qc2+ 28. Be2 Rbe8 29. Be3 Ne5 30. Qh4 Qf5+ 31. Qf4 Qxf4+ 32. Bxf4 Rc8 33. Rab1
Bxb1 34. Rxb1 b6 35. Rb5 Nxc4 36. Bg4 Rc5 37. Rb4 Bxc3 38. Rb3 Bd4+ 39. Kg3 Be5
40. Bf5 Bxf4+ 41. Kxf4 Rd8 42. Bc2 Rd4+ 43. Kf3 Nd2+ 44. Ke3 Nxb3 45. Bxb3 Rg4
46. g6 hxg6 0-1

[Event "XVI Abierto de la Constitucion"]
[Site "San Sebastian de los Reyes"]
[Date "2014.12.08"]
[Round "9.15"]
[White "Marcos Herrero, Francisco"]
[Black "Benito Mellado, Humberto"]
[Result "1-0"]
[WhiteElo "1916"]
[BlackElo "1500"]
[PlyCount "35"]
[EventDate "2014.11.30"]

1. Nf3 Nf6 2. c4 c5 3. Nc3 Nc6 4. d4 cxd4 5. Nxd4 Nxd4 6. Qxd4 b6 7. e4 e6 8.
Be2 Bc5 9. Qd3 Bb7 10. Bg5 h6 11. Bh4 g5 12. Bg3 d5 13. cxd5 exd5 14. exd5 Nxd5
15. O-O-O Nxc3 16. Qxc3 Be3+ 17. Qxe3+ Qe7 18. Bb5+ 1-0

[Event "XVI Abierto de la Constitucion"]
[Site "San Sebastian de los Reyes"]
[Date "2014.12.08"]
[Round "9.16"]
[White "De Dompablo Fantova, Juan"]
[Black "Infante Martin, Alonso"]
[Result "1-0"]
[WhiteElo "1737"]
[BlackElo "1463"]
[PlyCount "89"]
[EventDate "2014.11.30"]

1. e4 e5 2. Nf3 Nc6 3. Bc4 Bc5 4. d3 d6 5. O-O Bg4 6. c3 Nf6 7. b4 Bb6 8. h3
Bd7 9. Bg5 h6 10. Bh4 g5 11. Bg3 g4 12. hxg4 Bxg4 13. Nbd2 a6 14. a4 Nb8 15.
Bh4 Nbd7 16. Qb3 Qe7 17. d4 c6 18. b5 axb5 19. axb5 O-O 20. Ra2 Rxa2 21. Qxa2
Kg7 22. bxc6 bxc6 23. Rb1 Rb8 24. Qa4 Rc8 25. Qc2 Qe8 26. Bxf6+ Kxf6 27. Nh4
Qg8 28. dxe5+ dxe5 29. Qd3 Qf8 30. Nf5 Rd8 31. Qg3 h5 32. Nf3 Bxf3 33. Qxf3 Qc5
34. Ne3+ Ke7 35. Rd1 Nf6 36. Nf5+ Kf8 37. Rxd8+ Bxd8 38. Ne3 Qa7 39. Qd1 Be7
40. Qf3 Qd7 41. Nf5 Bc5 42. Nh6 Nd5 43. exd5 Qe7 44. dxc6 Kg7 45. Nf5+ 1-0

[Event "XVI Abierto de la Constitucion"]
[Site "San Sebastian de los Reyes"]
[Date "2014.12.08"]
[Round "9.17"]
[White "Rodriguez Bachiller, Luis"]
[Black "Asins Martin, Jose"]
[Result "1-0"]
[WhiteElo "1724"]
[BlackElo "1264"]
[PlyCount "125"]
[EventDate "2014.11.30"]

1. e4 c5 2. Nf3 e6 3. d4 cxd4 4. Nxd4 Qc7 5. Nc3 Bb4 6. Bd2 Nf6 7. Bd3 a6 8.
O-O O-O 9. Re1 d6 10. a3 Bc5 11. Nb3 Bb6 12. Qf3 Nbd7 13. Bf4 e5 14. Bg3 Nc5
15. Nxc5 Qxc5 16. h3 Be6 17. Bh4 Bd8 18. Rad1 d5 19. Bxf6 Bxf6 20. Nxd5 Bg5 21.
b4 Qd6 22. c4 b6 23. Bf1 Bxd5 24. Rxd5 Qe7 25. Qc3 f6 26. c5 bxc5 27. Rxc5 Qd6
28. Bc4+ Kh8 29. Bd5 Ra7 30. Rd1 Qb8 31. Kf1 f5 32. exf5 h6 33. Be4 Be7 34. Rc6
Qb5+ 35. Bd3 Qb8 36. Re6 Bf6 37. Qe1 e4 38. Bxe4 Qh2 39. Qe3 Re7 40. Rxe7 Bxe7
41. Qg3 Qxg3 42. fxg3 g6 43. g4 g5 44. Rd7 Bf6 45. Rd6 Kg7 46. Rxa6 Rc8 47. Rc6
Re8 48. Rc4 Bb2 49. a4 Kf6 50. Ke2 Be5 51. Rc6+ Kf7 52. Rxh6 Bf6 53. Kf3 Kg7
54. Rh5 Rc8 55. Bd3 Rc3 56. Ke4 Rc8 57. g3 Re8+ 58. Kf3 Bd4 59. Rxg5+ Kf6 60.
Rg6+ Kf7 61. Bc4+ Kf8 62. Rg8+ Ke7 63. Rxe8+ 1-0

[Event "XVI Abierto de la Constitucion"]
[Site "San Sebastian de los Reyes"]
[Date "2014.12.08"]
[Round "9.18"]
[White "Anton Quevedo, Andrea"]
[Black "Hidalgo Prado, David"]
[Result "1-0"]
[WhiteElo "1531"]
[BlackElo "1449"]
[PlyCount "113"]
[EventDate "2014.11.30"]

1. e4 e6 2. d4 d5 3. e5 c5 4. Nf3 Nc6 5. c3 Qb6 6. a3 Nh6 7. b4 cxd4 8. cxd4
Nf5 9. Bb2 Bd7 10. Be2 Be7 11. O-O O-O 12. Qd2 a6 13. Rd1 Na7 14. Bd3 Rfc8 15.
Nc3 Nh6 16. Ng5 Bxg5 17. Qxg5 Qd8 18. Qg3 f5 19. exf6 Qxf6 20. Ne2 Bb5 21. Nf4
Bxd3 22. Nxd3 Nc6 23. Nc5 Nf5 24. Qd3 Rc7 25. Rac1 Nd6 26. Re1 Re7 27. Rcd1 Nc4
28. Bc1 b6 29. Nb3 Rf7 30. Qg3 Raf8 31. Re2 Qe7 32. Rd3 Re8 33. Nd2 Nxd2 34.
Rdxd2 Rf6 35. Qd3 b5 36. Rc2 Qd7 37. Rc5 Rc8 38. Rec2 Na7 39. g3 Rf7 40. Bf4
Qe8 41. Qc3 Rxc5 42. Qxc5 Rb7 43. Qd6 Rf7 44. Qxa6 Rxf4 45. Qxa7 Qg6 46. Rc8+
Rf8 47. Rxf8+ Kxf8 48. Qb8+ Kf7 49. Qxb5 Qb1+ 50. Qf1 Qb2 51. Qd3 Qc1+ 52. Kg2
h6 53. b5 Qc7 54. a4 Qa5 55. Qb3 Qe1 56. b6 Qe4+ 57. Qf3+ 1-0

[Event "XVI Abierto de la Constitucion"]
[Site "San Sebastian de los Reyes"]
[Date "2014.12.08"]
[Round "9.19"]
[White "Rodenas Riesco, Alfonso"]
[Black "Gomez Escurin, Jose Manuel"]
[Result "1-0"]
[WhiteElo "1551"]
[BlackElo "1326"]
[PlyCount "75"]
[EventDate "2014.11.30"]

1. d4 d5 2. Nf3 Nf6 3. e3 Bf5 4. c4 c6 5. Nc3 e6 6. cxd5 exd5 7. Be2 Nbd7 8.
O-O Bd6 9. Qb3 Rb8 10. Re1 O-O 11. Nd2 Re8 12. Nf1 h6 13. Qd1 Qc7 14. Ng3 Bh7
15. Bd3 Bxd3 16. Qxd3 Re6 17. e4 dxe4 18. Ncxe4 Rbe8 19. Nxf6+ Nxf6 20. Rxe6
Rxe6 21. Bd2 Qe7 22. Nf5 Qc7 23. Qh3 Bf4 24. Bc3 Nd5 25. g3 Nxc3 26. bxc3 Bd2
27. Qg4 Rg6 28. Qh4 Re6 29. c4 Kf8 30. Rd1 Re1+ 31. Rxe1 Bxe1 32. Qg4 g6 33.
Nxh6 Bd2 34. Qh3 Bxh6 35. Qxh6+ Ke7 36. Qg5+ Ke6 37. f4 Qa5 38. Qxa5 1-0